000
00293nam a22001337a 4500
008
181006b xxu||||| |||| 00| 0 eng d
020
_a
9780070626027
041
_a
eng
080
_a
510
100
_a
37
101
_a
MAT
245
_a
Intermediate Algebra
_c
Hutchinson, D
942
_2
udc
_c
BK
999
_c
48967
_d
48967